Znane osoby - Przyczyna śmierci - Statystyki

Ogólne statystyki
  • Ten quiz został rozwiązany 512 razy
  • Średni wynik to 10 z 15
Statystyki odpowiedzi
Zagadnienie Odpowiedź % Poprawnych
Piotr "Magik" Łuszcz - Raper (2000) Samobójczy skok z dziewiątego piętra
93%
John F. Kennedy - Prezydent USA (1963) Strzał w głowę wykonany przez zamachowca
93%
Kobe Bryant - Koszykarz NBA (2020) Wypadek w czasie lotu helikopterem
88%
Micheal Jackson - Muzyk (2009) Przedawkowanie przepisanych leków na receptę
86%
Diana Frances Spencer - Księżna Walii (1997) Obrażenia wywołane wypadkiem samochodowym
84%
Sharon Tate - Aktorka, modelka (1969) Zamordowana przez członków sekty Charlesa Mansona
79%
Anna Jantar - Piosenkarka (1980) Katastrofa lotnicza
74%
Tupac Shakur - Raper (1996) Zastrzelony metodą "drive by"
74%
Kurt Cobain - Muzyk, frontman Nirvany (1994) Samobójczy strzał w głowę ze strzelby
65%
Brandon Lee - Aktor (1993) Przypadkowe postrzelenie w czasie kręcenia filmu
61%
Nicolae Ceaușescu - Rumuński komunistyczny dyktator (1989) Rozstrzelanie
58%
Inejirō Asanuma - Japoński polityk (1960) Zamordowany przez atak wakizashi (krótki tradycyjny miecz) w czasie przemówienia
56%
John Lennon - Muzyk (1980) Zastrzelony przez człowieka zainspirowanego książką "Buszczujący w Zbożu"
45%
Ernest Hemingway - Pisarz (1961) Samobójczy strzał w głowę ze strzelby
34%
Harry Houdini - Iluzjonista (1926) Zapalenie wyrostka robaczkowego wywołane wielokrotnym ciosem w podbrzusze
23%
Nie znaleziono quizów pasujących do podanych kryteriów
Rozkład punktacji
Procent ludzi z każdym wynikiem
Percentyl według liczby udzielonych odpowiedzi
Twoja historia wyników
Nie rozwiązałeś tego quizu